Bílá Voda /
Rozsáhlý román, ve kterém se prolíná příběh mladé ženy z počátku 21. století s událostmi spjatými s temným obdobím kláštera Bílá Voda, kde během náboženské perzekuce za komunistického režimu byly násilím internovány řeholnice.
Uloženo v:
| Hlavní autor: | |
|---|---|
| Médium: | E-kniha |
| Jazyk: | Czech |
| Vydáno: |
Brno :
Host,
2022
|
| Vydání: | První vydání |
| Témata: | |
| Tagy: |
Žádné tagy |
| LEADER | 04045cam a2200697 i 4500 | ||
|---|---|---|---|
| 001 | 301548 | ||
| 003 | CZ PrSKC | ||
| 005 | 20260501063150.0 | ||
| 007 | ta | ||
| 008 | 220425s2022 xr g 000 f cze d | ||
| 015 | |a cnb003418827 | ||
| 020 | |a 9788027510573 |q (vázáno) | ||
| 035 | |a (OCoLC)1329409422 | ||
| 040 | |a ZLG001 |b cze |d OLA001 |e rda | ||
| 043 | |a e-xr--- |b e-xr-ol |2 czenas | ||
| 045 | |a x4x8 | ||
| 072 | 7 | |a 821.162.3-3 |x Česká próza |2 Konspekt | |
| 080 | |a 821.162.3-31 |2 MRF | ||
| 080 | |a 27-788-055.2 |2 MRF | ||
| 080 | |a 2-67 |2 MRF | ||
| 080 | |a 321.74 |2 MRF | ||
| 080 | |a 27-674.5 |2 MRF | ||
| 080 | |a 2-72-67-021.452 |2 MRF | ||
| 080 | |a 27-558.5-055.2 |2 MRF | ||
| 080 | |a (437.325) |2 MRF | ||
| 080 | |a (0:82-311.6) |2 MRF | ||
| 100 | 1 | |a Tučková, Kateřina, |d 1980- |7 mzk2006348534 |4 aut | |
| 245 | 1 | 0 | |a Bílá Voda / |c Kateřina Tučková |
| 250 | |a První vydání | ||
| 264 | 1 | |a Brno : |b Host, |c 2022 | |
| 300 | |a 686 stran ; |c 21 cm | ||
| 336 | |a text |b txt |2 rdacontent | ||
| 337 | |a bez média |b n |2 rdamedia | ||
| 338 | |a svazek |b nc |2 rdacarrier | ||
| 520 | 2 | |a Rozsáhlý román, ve kterém se prolíná příběh mladé ženy z počátku 21. století s událostmi spjatými s temným obdobím kláštera Bílá Voda, kde během náboženské perzekuce za komunistického režimu byly násilím internovány řeholnice. |b Bílá Voda. Pustá vesnice skrytá ve stínu pohraničních hor, kam kdysi přicházely zástupy poutníků vyprosit si pomoc u zázračné sošky Panny Marie. Dnes sem přijíždí Lena Lagnerová, aby se tu skryla před svou minulostí. Namísto kláštera s početnou řeholní komunitou tu však najde pouze několik řádových sester, vedených svéráznou řeholnicí Evaristou. Ta přišla do Bílé Vody o poslední zářijové noci roku 1950, kdy komunistický režim odvlekl v rámci Akce R všechny řádové sestry do sběrných klášterů. Stejně jako všechny řeholnice byla nasazena na nucené práce a k tomu vystavena i ponižování v komunistickém kriminálu. Lena však brzy zjišťuje, že tím Evaristin dramatický příběh pouze začíná, a záhy také pochopí, že démoni obcházející minulost místních řeholnic nezmizeli, a navíc jsou součástí i jejího vlastního osudu. Nakladatelská anotace. Kráceno. | |
| 648 | 7 | |a 1948-1989 |7 ch460661 |2 czenas | |
| 650 | 0 | 7 | |a ženské řeholní řády |7 ph311264 |z Česko |2 czenas |
| 650 | 0 | 7 | |a ženské řeholní kongregace |7 ph337771 |z Česko |2 czenas |
| 650 | 0 | 7 | |a stát a církev |7 ph116308 |z Česko |y 1948-1989 |2 czenas |
| 650 | 0 | 7 | |a komunistický režim |7 ph114960 |z Česko |y 1948-1989 |2 czenas |
| 650 | 0 | 7 | |a náboženská perzekuce |7 ph117342 |z Česko |y 1948-1989 |2 czenas |
| 650 | 0 | 7 | |a skrytá církev |7 ph303226 |z Česko |y 1948-1989 |2 czenas |
| 650 | 0 | 7 | |a kněžské svěcení žen |7 ph967253 |2 czenas |
| 650 | 0 | 9 | |a female monastic orders |z Czechia |2 eczenas |
| 650 | 0 | 9 | |a women's religious congregations |z Czechia |2 eczenas |
| 650 | 0 | 9 | |a church and state |z Czechia |y 1948-1989 |2 eczenas |
| 650 | 0 | 9 | |a communist regime |z Czechia |y 1948-1989 |2 eczenas |
| 650 | 0 | 9 | |a religious persecution |z Czechia |y 1948-1989 |2 eczenas |
| 650 | 0 | 9 | |a underground church |z Czechia |y 1948-1989 |2 eczenas |
| 650 | 0 | 9 | |a ordination of women |2 eczenas |
| 651 | 7 | |a Bílá Voda (Jeseník, Česko) |7 ge174005 |2 czenas | |
| 651 | 9 | |a Bílá Voda (Jeseník, Czechia) |2 eczenas | |
| 655 | 7 | |a české romány |7 fd133974 |2 czenas | |
| 655 | 7 | |a historické romány |7 fd132414 |2 czenas | |
| 655 | 9 | |a Czech fiction |2 eczenas | |
| 655 | 9 | |a historical novels |2 eczenas | |
| 900 | |a ABA001 |b 19 | ||
| 044 | |a xr | ||
| 910 | |a RBIT002 | ||
| 998 | |d 350664 |a https://core.palmknihy.cz/api/books/350664/cover?ra64vz |b https://core.palmknihy.cz/api/books/350664/cover/400?ra64vz |c https://core.palmknihy.cz/api/books/350664/cover/50?ra64vz |e 2026-12-31 |g 688 |i 9788027510573 |j https://core.palmknihy.cz/api/books/350664/preview.epub |k https://core.palmknihy.cz/api/books/350664/preview.pdf |l |q 49 |r 1 |s https://www.palmknihy.cz/kniha/350664 |t ebook |y 2022 |z 0 | ||
| 999 | |d 301546 | ||